00466nam a22001457a 4500020001800000040000900018082001600027100003200043245002800075260004800103650003300151942001200184999001900196952010500215 a9780471135968 cNust a515.35bBOR aRobert L. Borrelli9126831 aDifferential equations  aNew York:bJohn Willey and sons inc,c1996. aDifferential equations 9688 2ddccBK c612279d612279 00102ddc4070aCEMEbCEMEcGENd2024-11-11l0o515.35 BORpCEME- 31840r2024-11-11w2024-11-11yBK